[Event "San Francisco TNM Summer op"]
[Site "San Francisco"]
[Date "2009.07.07"]
[Round "7"]
[White "Nelson, Christopher"]
[Black "Ravdin, William"]
[Result "1-0"]
[WhiteElo "1398"]
[BlackElo "1280"]
[PlyCount "23"]
[EventDate "2009.05.26"]
[EventType "swiss"]
[EventRounds "8"]
[EventCountry "USA"]
[SourceTitle "EXT 2012"]
[Source "ChessBase"]
[SourceDate "2011.11.24"]
[SourceVersion "1"]
[SourceVersionDate "2011.11.24"]
[SourceQuality "1"]

1. d4 d5 2. Nf3 c5 3. c4 dxc4 4. e3 cxd4 5. exd4 Nf6 6. Bxc4 Bg4 7. Bxf7+ Kxf7 8. Ne5+ Ke8 9. Nxg4 Nc6 10. Nxf6+ exf6 11. 0-0 Bb4 12. d5 1-0